[Event "Championnat de France des Jeunes - Benja"]
[Site "TROYES"]
[Date "2010.04.13"]
[Round "1.2"]
[White "Venet, Clemence"]
[Black "Rigolot, Lucie"]
[Result "0-1"]
[WhiteElo "1460"]
[BlackElo "1900"]
[PlyCount "60"]
[EventDate "2010.??.??"]

1. e4 c5 2. Nc3 a6 3. g3 b5 4. a3 Bb7 5. b4 c4 6. Bg2 e6 7. d4 cxd3 8. cxd3 d5
9. e5 Qc7 10. Nge2 Qxe5 11. O-O Qc7 12. d4 Nf6 13. Bf4 Qb6 14. Rc1 Nc6 15. Qd3
Be7 16. Nb1 O-O 17. Nd2 a5 18. bxa5 Rxa5 19. Rc3 Rfa8 20. Nb1 b4 21. axb4 Bxb4
22. Rb3 Ba6 23. Qc2 Bxe2 24. Rc1 Bc4 25. Re3 Nxd4 26. Qd1 Ra2 27. Bf3 Nxf3+ 28.
Qxf3 Bc5 29. Rec3 Rxf2 30. Qg4 Nxg4 0-1

[Event "Championnat de France des Jeunes - Benja"]
[Site "TROYES"]
[Date "2010.04.11"]
[Round "1.3"]
[White "Canterel, Cecile"]
[Black "Cibiel, Fanny"]
[Result "1-0"]
[WhiteElo "1840"]
[BlackElo "1450"]
[PlyCount "59"]
[EventDate "2010.??.??"]

1. d4 e6 2. c4 d5 3. Nf3 Nf6 4. g3 Be7 5. Bg2 O-O 6. cxd5 Nxd5 7. O-O b6 8. a3
Bb7 9. b4 Nd7 10. Bb2 c5 11. dxc5 bxc5 12. bxc5 Bxc5 13. Nc3 N7f6 14. Qc2 Qb6
15. Na4 Qc7 16. Qxc5 Rfc8 17. Qxc7 Rxc7 18. Bxf6 gxf6 19. Rac1 Re7 20. Nb2 Rd8
21. Rfd1 f5 22. Nd2 Red7 23. Nb3 Kg7 24. Nc5 Re7 25. Nbd3 Ba8 26. Nb4 Rc7 27.
Nxd5 exd5 28. Ne6+ fxe6 29. Rxc7+ Kf6 30. Rxh7 1-0

[Event "Championnat de France des Jeunes - Benja"]
[Site "TROYES"]
[Date "2010.04.11"]
[Round "1.4"]
[White "Maton, Amandine"]
[Black "Bellaiche, Elise"]
[Result "0-1"]
[WhiteElo "1420"]
[BlackElo "1833"]
[PlyCount "104"]
[EventDate "2010.??.??"]

1. c4 Nf6 2. Nc3 g6 3. g3 Bg7 4. Bg2 d6 5. d3 O-O 6. Nf3 Nc6 7. O-O e5 8. Rb1
a5 9. Be3 Ng4 10. Nd5 Nxe3 11. Nxe3 f5 12. Nd5 Ne7 13. Nd2 c6 14. Nxe7+ Qxe7
15. a3 a4 16. b4 axb3 17. Qxb3 Kh8 18. Rb2 e4 19. Ra2 e3 20. Nf3 exf2+ 21. Rxf2
Qe3 22. a4 f4 23. Qb4 fxg3 24. hxg3 Bd4 25. Qe1 Qxf2+ 26. Qxf2 Bxf2+ 27. Kxf2
Bg4 28. d4 Be6 29. Rb2 Rxa4 30. Rxb7 Rxc4 31. Re7 Bg8 32. Ke3 c5 33. Rd7 Re8+
34. Kd3 Ra4 35. e4 Ra3+ 36. Kd2 Ra2+ 37. Ke3 Rxg2 38. Rxd6 cxd4+ 39. Rxd4 Rxg3
40. Kf4 Rg2 41. e5 Be6 42. Rd6 Rf8+ 43. Ke4 Rg4+ 44. Ke3 Rg3 45. Rxe6 Rgxf3+
46. Kd4 g5 47. Ra6 Re8 48. e6 Rf6 49. Ke5 Rfxe6+ 50. Rxe6 Rxe6+ 51. Kxe6 g4 52.
Kf5 g3 0-1

[Event "Championnat de France des Jeunes - Benja"]
[Site "TROYES"]
[Date "2010.04.11"]
[Round "1.5"]
[White "Abidi, Hasma"]
[Black "Vianey, Marie"]
[Result "1-0"]
[WhiteElo "1740"]
[BlackElo "1420"]
[PlyCount "103"]
[EventDate "2010.??.??"]

1. d4 d6 2. Nf3 Nd7 3. c4 e5 4. e3 Ngf6 5. Nc3 c6 6. Bd3 Be7 7. O-O O-O 8. Qc2
h6 9. Re1 Re8 10. b3 Qc7 11. Bb2 Nb6 12. dxe5 dxe5 13. Ne4 Bd8 14. Ba3 Nxe4 15.
Bxe4 f5 16. Bxf5 Bxf5 17. Qxf5 Bf6 18. Rad1 e4 19. Bd6 Qc8 20. Nd4 Bxd4 21.
Qxc8 Raxc8 22. Rxd4 Nd7 23. Red1 Nf6 24. Bg3 b5 25. Bh4 g5 26. Bg3 Kg7 27. Kf1
a5 28. h3 h5 29. h4 g4 30. Bf4 a4 31. bxa4 bxa4 32. Bg5 Rc7 33. c5 Nd5 34. Rc1
Rf7 35. g3 Ref8 36. Rc2 Rf3 37. Kg2 Re8 38. Rxa4 Nf6 39. Bxf6+ Kxf6 40. Ra6 Re6
41. Rd2 Rf5 42. Rc2 Rd5 43. a4 Rd3 44. a5 Ra3 45. Ra8 Re5 46. Ra6 Re6 47. Ra8
Re5 48. a6 Ra5 49. a7 Re7 50. Rf8+ Ke6 51. a8=Q Rxa8 52. Rxa8 1-0

[Event "Championnat de France des Jeunes - Benja"]
[Site "TROYES"]
[Date "2010.04.11"]
[Round "1.6"]
[White "Bottemer, Camille"]
[Black "Fischer, Julie"]
[Result "0-1"]
[WhiteElo "1410"]
[BlackElo "1721"]
[PlyCount "108"]
[EventDate "2010.??.??"]

1. d4 Nf6 2. c4 g6 3. Nf3 Bg7 4. Nc3 O-O 5. e3 d6 6. Be2 Bf5 7. O-O Nbd7 8. b4
c5 9. bxc5 dxc5 10. Bb2 Ne4 11. Nxe4 Bxe4 12. Re1 Rc8 13. Qb3 Qc7 14. Red1 b6
15. d5 Ne5 16. Nxe5 Bxe5 17. Bxe5 Qxe5 18. Bd3 Bxd3 19. Qxd3 Rfd8 20. e4 Rd6
21. Rac1 Rcd8 22. Rc2 e6 23. Qe3 Re8 24. Rcd2 exd5 25. exd5 Qxe3 26. fxe3 Rxe3
27. Rf2 Rc3 28. Rf4 Rc2 29. a3 Rc3 30. Re4 Rxa3 31. Re8+ Kg7 32. Rc8 Rc3 33.
Rc6 Rd7 34. d6 Kf8 35. Rc7 Ke8 36. Rc8+ Rd8 37. Re1+ Kd7 38. Rxd8+ Kxd8 39. Rd1
Rxc4 40. Kf2 b5 41. Rd5 Kd7 42. Ke3 a5 43. Rd1 a4 44. Rb1 b4 45. Kd3 Rc3+ 46.
Ke4 b3 47. Ra1 b2 48. Re1 Rc1 49. Re3 b1=Q+ 50. Kf4 Qf5+ 51. Kg3 Rf1 52. Re7+
Kxd6 53. Re3 h5 54. h3 Qf4# 0-1

[Event "Championnat de France des Jeunes - Benja"]
[Site "TROYES"]
[Date "2010.04.11"]
[Round "1.7"]
[White "Bekhouche, Marion"]
[Black "Finkel, Anne-Sophie"]
[Result "1-0"]
[WhiteElo "1707"]
[BlackElo "1400"]
[PlyCount "39"]
[EventDate "2010.??.??"]

1. d4 Nf6 2. c4 c5 3. d5 b5 4. Nd2 d6 5. e4 Qa5 6. f3 Ba6 7. Ne2 Nbd7 8. Nc3
Rb8 9. cxb5 Bc8 10. Nc4 Qc7 11. Bf4 g6 12. Qd2 a6 13. a4 Qa7 14. Na5 Ne5 15.
Bxe5 Rb6 16. Bxf6 exf6 17. Nc6 Qa8 18. a5 axb5 19. Nxb5 Bd7 20. Nc7# 1-0

[Event "Championnat de France des Jeunes - Benja"]
[Site "TROYES"]
[Date "2010.04.11"]
[Round "1.8"]
[White "Parlas, Helin"]
[Black "Nourani, Maral"]
[Result "0-1"]
[WhiteElo "1390"]
[BlackElo "1690"]
[PlyCount "96"]
[EventDate "2010.??.??"]

1. c4 e5 2. Nc3 f5 3. e3 c6 4. g3 Nf6 5. Bg2 d5 6. cxd5 cxd5 7. d4 e4 8. Nge2
Bd6 9. Qb3 Bc7 10. Nf4 Bxf4 11. gxf4 Nc6 12. Bd2 O-O 13. f3 Na5 14. Qc2 Nc4 15.
O-O-O Bd7 16. fxe4 fxe4 17. Nxe4 Nxe4 18. Bxe4 Nxe3 19. Qb3 Rc8+ 20. Kb1 Nxd1
21. Rxd1 Bc6 22. h4 Kh8 23. Bf3 Qd7 24. Rg1 Ba4 25. Qb4 Bc2+ 26. Ka1 Rb8 27.
Bg4 Qa4 28. Qe7 Qxd4 29. Rg2 Qe4 30. Qxg7+ Kxg7 31. Bf5+ Kf7 32. Bxe4 Bxe4 33.
Bc3 Bxg2 34. Kb1 Rfe8 35. Kc2 Rbc8 36. Kd2 Bf3 37. Be5 Rxe5 38. fxe5 Re8 39.
Ke3 Rxe5+ 40. Kxf3 Kf6 41. b4 d4 42. a4 d3 43. b5 d2 44. b6 d1=Q+ 45. Kf4 Qf1+
46. Kg3 Re2 47. bxa7 Rg2+ 48. Kh3 Qh1# 0-1

[Event "Championnat de France des Jeunes - Benja"]
[Site "TROYES"]
[Date "2010.04.11"]
[Round "1.9"]
[White "Likhoded, Victoria"]
[Black "Ahmadi, Sana"]
[Result "1/2-1/2"]
[WhiteElo "1677"]
[BlackElo "1380"]
[PlyCount "58"]
[EventDate "2010.??.??"]

1. c4 Nf6 2. Nc3 g6 3. d4 Bg7 4. Nf3 O-O 5. g3 d6 6. Bg2 Nbd7 7. O-O e5 8. e3
Re8 9. Re1 b6 10. b3 Bb7 11. Bb2 a5 12. a4 exd4 13. exd4 Rb8 14. Qd2 Ne4 15.
Nxe4 Bxe4 16. Re2 Nf6 17. Rae1 Qd7 18. h3 d5 19. Ne5 Qd6 20. f3 Bf5 21. g4 Be6
22. f4 c6 23. Rd1 Nd7 24. Re3 f6 25. Nxd7 Qxd7 26. cxd5 Bxd5 27. Rxe8+ Rxe8 28.
Bxd5+ Qxd5 29. Qc3 f5 1/2-1/2

[Event "Championnat de France des Jeunes - Benja"]
[Site "TROYES"]
[Date "2010.04.11"]
[Round "1.10"]
[White "Guillaume, Ombeline"]
[Black "Nolot, Clementine"]
[Result "0-1"]
[WhiteElo "1370"]
[BlackElo "1672"]
[PlyCount "102"]
[EventDate "2010.??.??"]

1. d4 d5 2. c4 c6 3. Nc3 Nf6 4. Nf3 dxc4 5. e3 b5 6. a4 Nd5 7. axb5 Nxc3 8.
bxc3 cxb5 9. g3 Bb7 10. Bg2 e6 11. O-O Qc7 12. Re1 Be7 13. e4 O-O 14. Bf4 Bd6
15. Bxd6 Qxd6 16. Nd2 Qc7 17. Qh5 a6 18. d5 exd5 19. exd5 Rd8 20. Re2 Qd6 21.
Rae1 Nd7 22. Re7 Qg6 23. Qxg6 hxg6 24. Bh3 Nc5 25. Ne4 Nd3 26. Re3 Bxd5 27. Bg2
Bxe4 28. Bxe4 Rab8 29. Ra7 Nc5 30. Bf3 Rd3 31. Rc7 Rxe3 32. fxe3 Nb3 33. Bd5 a5
34. Bxf7+ Kh7 35. e4 Ra8 36. Rb7 a4 37. Rxb5 a3 38. Rd5 a2 39. Rd1 a1=Q 40.
Rxa1 Rxa1+ 41. Kg2 Nd2 42. Bd5 Rc1 43. e5 Rxc3 44. Bf7 Re3 45. e6 c3 46. Kf2
Re5 47. Be8 c2 48. Kg2 c1=Q 49. Kh3 Qf1+ 50. Kg4 Qf5+ 51. Kh4 Qh5# 0-1

[Event "Championnat de France des Jeunes - Benja"]
[Site "TROYES"]
[Date "2010.04.11"]
[Round "1.1"]
[White "Giroyan, Gary"]
[Black "Aubert, Lucas"]
[Result "1-0"]
[WhiteElo "2181"]
[BlackElo "1715"]
[PlyCount "49"]
[EventDate "2010.??.??"]

1. e4 e6 2. d4 d5 3. Nc3 Bb4 4. e5 c5 5. a3 Bxc3+ 6. bxc3 Qc7 7. Qg4 f5 8. Qg3
cxd4 9. cxd4 Ne7 10. Bd2 O-O 11. Bd3 b6 12. Ne2 Ba6 13. Nf4 Qd7 14. h4 Bxd3 15.
cxd3 Nbc6 16. Be3 Rac8 17. h5 Na5 18. O-O Rc2 19. Rac1 Rfc8 20. h6 g6 21. Rxc2
Rxc2 22. Qg5 Nec6 23. Nxg6 hxg6 24. Qxg6+ Kh8 25. Bg5 1-0

[Event "Championnat de France des Jeunes - Benja"]
[Site "TROYES"]
[Date "2010.04.11"]
[Round "1.2"]
[White "Le Pen, Steven"]
[Black "Lamard, Guillaume"]
[Result "1/2-1/2"]
[WhiteElo "1703"]
[BlackElo "2117"]
[PlyCount "127"]
[EventDate "2010.??.??"]

1. e4 c5 2. Nf3 e6 3. d4 cxd4 4. Nxd4 Nc6 5. Nc3 Qc7 6. Be3 a6 7. a3 Nf6 8. Nb3
b5 9. f4 b4 10. axb4 Bxb4 11. Bd3 h5 12. Qe2 Na5 13. Nxa5 Bxa5 14. Bd2 Bb6 15.
e5 Ng4 16. Ne4 Bc5 17. Nxc5 Qxc5 18. b4 Qc7 19. h3 Nh6 20. O-O Nf5 21. Bxf5
exf5 22. Rfc1 Bb7 23. c4 Rh6 24. g3 Qc6 25. Kh2 Qe4 26. Qxe4 fxe4 27. Be3 Rc6
28. Bc5 a5 29. Kg1 axb4 30. Rxa8+ Bxa8 31. Bxb4 Ra6 32. Rc2 f6 33. exf6 gxf6
34. Kf2 f5 35. Ke2 Ra1 36. Be1 Ra3 37. Bf2 Bc6 38. Be3 Kf7 39. Kf2 Ra1 40. c5
Bb5 41. Rd2 Bd3 42. Kg2 Ke6 43. Bd4 Rb1 44. Bf2 Kd5 45. Be3 Kc4 46. Ra2 Bf1+
47. Kf2 Bxh3 48. Rd2 Rb7 49. Rd4+ Kc3 50. Rd2 Bg4 51. Ra2 Bf3 52. Rd2 Kc4 53.
Rd4+ Kc3 54. Rd2 Bg4 55. Ra2 Rb2+ 56. Rxb2 Kxb2 57. Bd4+ Kb3 58. Ke1 Kc4 59.
Be3 Kd3 60. Kf2 Kc4 61. Ke1 Kb3 62. Bc1 Kc3 63. Kf2 Kd4 64. Be3+ 1/2-1/2

[Event "Championnat de France des Jeunes - Benja"]
[Site "TROYES"]
[Date "2010.04.11"]
[Round "1.3"]
[White "Grandadam, Patrick"]
[Black "Dutreuil, Raphael"]
[Result "1/2-1/2"]
[WhiteElo "2104"]
[BlackElo "1693"]
[PlyCount "123"]
[EventDate "2010.??.??"]

1. Nf3 Nf6 2. c4 g6 3. Nc3 c5 4. d4 cxd4 5. Nxd4 Nc6 6. e4 d6 7. Be2 Bg7 8. Be3
a6 9. O-O O-O 10. Rc1 Bd7 11. Nb3 Rc8 12. c5 Ne8 13. Qd2 Na5 14. Rfd1 Nxb3 15.
axb3 f5 16. b4 fxe4 17. Nxe4 Bc6 18. Bc4+ d5 19. Bxd5+ Qxd5 20. Qxd5+ Bxd5 21.
Rxd5 Bxb2 22. Rcd1 Rc7 23. Ng5 Ng7 24. Rd8 e6 25. Rxf8+ Kxf8 26. Nxh7+ Kf7 27.
Ng5+ Ke7 28. Ne4 Nf5 29. Bg5+ Kf7 30. Kf1 Be5 31. g4 Nd4 32. Nd6+ Kf8 33. f4
Bg7 34. h4 e5 35. f5 gxf5 36. gxf5 Kg8 37. f6 Bf8 38. Nc4 Nc6 39. Rb1 Kf7 40.
Nb6 Ke6 41. Ke2 a5 42. bxa5 Bxc5 43. Nc4 Nd4+ 44. Kd3 Rd7 45. Nb6 Bxb6 46.
Rxb6+ Kf5 47. Ke3 Ne6 48. Rb1 Kg6 49. Rg1 Nc5 50. Ke2 Ne4 51. Kf3 Nxf6 52.
Bxf6+ Kxf6 53. h5 Rd3+ 54. Ke4 Rd4+ 55. Ke3 Rh4 56. Rb1 Rh3+ 57. Ke4 Rh4+ 58.
Kf3 Rxh5 59. Rb6+ Kf5 60. Rxb7 Rh3+ 61. Ke2 Ra3 62. Rb5 1/2-1/2

[Event "Championnat de France des Jeunes - Benja"]
[Site "TROYES"]
[Date "2010.04.11"]
[Round "1.4"]
[White "Zychowski, Antoine"]
[Black "Viennot, Dylan"]
[Result "0-1"]
[WhiteElo "1692"]
[BlackElo "2017"]
[PlyCount "74"]
[EventDate "2010.??.??"]

1. e4 c5 2. Nf3 Nc6 3. d4 cxd4 4. Nxd4 e5 5. Nb5 d6 6. N1c3 a6 7. Na3 b5 8. Nd5
Nge7 9. c4 Nd4 10. cxb5 Nxd5 11. exd5 Be7 12. Be3 O-O 13. Bxd4 exd4 14. Be2
Qa5+ 15. Qd2 Qxd2+ 16. Kxd2 Bg5+ 17. Kd1 Bf5 18. h4 Bf6 19. g4 Be4 20. Rh3 Bxd5
21. Bd3 axb5 22. f4 b4 23. Nc4 Ra6 24. a4 bxa3 25. Rxa3 Rxa3 26. bxa3 Be7 27.
Rh2 Rb8 28. Kc2 Bc6 29. Nb2 d5 30. a4 Ba3 31. Bb5 Bxb5 32. axb5 Rxb5 33. Nd3 f6
34. g5 Kf7 35. Re2 Bd6 36. f5 Ra5 37. Kb2 Ra3 0-1

[Event "Championnat de France des Jeunes - Benja"]
[Site "TROYES"]
[Date "2010.04.11"]
[Round "1.5"]
[White "Gelas, Christophe"]
[Black "Appriou, Tanguy"]
[Result "1/2-1/2"]
[WhiteElo "2000"]
[BlackElo "1680"]
[PlyCount "84"]
[EventDate "2010.??.??"]

1. d4 d5 2. c4 e6 3. Nc3 Nf6 4. Bg5 Nc6 5. e3 Be7 6. Nf3 h6 7. Bh4 b6 8. cxd5
exd5 9. Ne5 Nxe5 10. dxe5 Nd7 11. Bxe7 Qxe7 12. Qxd5 Rb8 13. Bb5 O-O 14. Bxd7
Bxd7 15. O-O c6 16. Qe4 Rfe8 17. f4 Rbc8 18. Rad1 Bg4 19. Rd4 g6 20. Qd3 Red8
21. h3 Rxd4 22. exd4 Bf5 23. Qd2 h5 24. Kh2 Qb4 25. Rd1 Rd8 26. Ne4 Qa4 27. b3
Qa3 28. Nf6+ Kg7 29. Rh1 Qe7 30. g4 hxg4 31. hxg4 Rh8+ 32. Kg1 Rxh1+ 33. Kxh1
Be6 34. Qh2 Bd5+ 35. Kg1 Qd8 36. Qh7+ Kf8 37. Qh8+ Ke7 38. Qxd8+ Kxd8 39. Nxd5
cxd5 40. f5 g5 41. Kf2 b5 42. a3 a5 1/2-1/2

[Event "Championnat de France des Jeunes - Benja"]
[Site "TROYES"]
[Date "2010.04.11"]
[Round "1.6"]
[White "Cogan, Nicolas"]
[Black "Kirk, Ezra"]
[Result "0-1"]
[WhiteElo "1680"]
[BlackElo "1970"]
[PlyCount "94"]
[EventDate "2010.??.??"]

1. d4 Nf6 2. c4 g6 3. Nc3 Bg7 4. e4 d6 5. Be2 O-O 6. Bg5 h6 7. Be3 e5 8. d5
Nbd7 9. h4 Nc5 10. Qc2 a5 11. h5 g5 12. f3 Bd7 13. g4 a4 14. Nh3 Nh7 15. Nf2
Qe7 16. Nd3 Rfb8 17. O-O Nf6 18. b4 axb3 19. axb3 Ne8 20. b4 Nxd3 21. Bxd3 b6
22. b5 Nf6 23. Be2 Be8 24. Bd3 Nd7 25. Na2 Nc5 26. Nb4 Bd7 27. Bxc5 dxc5 28.
Nc6 Bxc6 29. dxc6 Qd6 30. Rxa8 Rxa8 31. Be2 Qd4+ 32. Kg2 Bf8 33. Rd1 Qe3 34.
Rd3 Qf4 35. Qb2 f5 36. exf5 e4 37. fxe4 Qxe4+ 38. Rf3 Qxg4+ 39. Rg3 Qxf5 40.
Bg4 Qe4+ 41. Kh2 Bd6 42. Bf3 Bxg3+ 43. Kxg3 Qf4+ 44. Kg2 Qxc4 45. Qb1 Ra2+ 46.
Kg1 Qd4+ 47. Kh1 Qh4+ 0-1

[Event "Championnat de France des Jeunes - Benja"]
[Site "TROYES"]
[Date "2010.04.11"]
[Round "1.7"]
[White "Macon, Arthur"]
[Black "Hug, Timothee"]
[Result "1-0"]
[WhiteElo "1949"]
[BlackElo "1680"]
[PlyCount "77"]
[EventDate "2010.??.??"]

1. d4 Nf6 2. c4 e6 3. g3 d5 4. Nf3 Nbd7 5. Bg2 c6 6. O-O Be7 7. Nbd2 O-O 8. Qc2
Re8 9. b3 Bd6 10. Bb2 Nf8 11. Rad1 Ng6 12. Rfe1 Bd7 13. e4 dxe4 14. Nxe4 Nxe4
15. Qxe4 Qc7 16. Ne5 Nxe5 17. dxe5 Bb4 18. Re3 Rad8 19. Red3 Bc8 20. Bf1 Bf8
21. Bc1 Be7 22. h4 b6 23. Bg5 c5 24. Bxe7 Qxe7 25. Rd6 Rxd6 26. exd6 Qd7 27.
Bg2 Rd8 28. h5 f5 29. Qh4 Qe8 30. h6 g6 31. Bc6 Qf8 32. d7 Kf7 33. Kg2 Ba6 34.
Qf4 Bc8 35. dxc8=Q Rxc8 36. Bf3 Qe7 37. Qe5 Kg8 38. Rd6 Re8 39. Rxe6 1-0

[Event "Championnat de France des Jeunes - Benja"]
[Site "TROYES"]
[Date "2010.04.11"]
[Round "1.8"]
[White "Caille, Vincent"]
[Black "Kambrath, Yannick"]
[Result "0-1"]
[WhiteElo "1678"]
[BlackElo "1941"]
[PlyCount "48"]
[EventDate "2010.??.??"]

1. e4 e5 2. Nf3 Nc6 3. Bc4 Bc5 4. O-O Nf6 5. d4 Bxd4 6. Nxd4 Nxd4 7. f4 d6 8.
fxe5 dxe5 9. Bg5 Qe7 10. Na3 Bd7 11. c3 Ne6 12. Bxe6 Qxe6 13. Bxf6 gxf6 14. Qf3
Qb6+ 15. Rf2 O-O-O 16. Qxf6 Be6 17. Qxe5 Rhg8 18. Kf1 Rd7 19. c4 Rgd8 20. Re1
Rd1 21. Qc3 R8d3 22. Qc2 Bg4 23. c5 Qxc5 24. Rd2 Rxe1+ 0-1

[Event "Championnat de France des Jeunes - Benja"]
[Site "TROYES"]
[Date "2010.04.11"]
[Round "1.9"]
[White "Malka, Samuel"]
[Black "Lagrave, Lucas"]
[Result "1-0"]
[WhiteElo "1919"]
[BlackElo "1675"]
[PlyCount "77"]
[EventDate "2010.??.??"]

1. d4 d5 2. c4 e6 3. Nc3 Nf6 4. cxd5 exd5 5. Bg5 Be7 6. e3 c6 7. Bd3 O-O 8.
Nge2 Nbd7 9. Qc2 Re8 10. O-O Nf8 11. f3 h6 12. Bh4 Ne6 13. Bf2 Nh5 14. e4 Nhf4
15. e5 Nxd3 16. Qxd3 Bg5 17. g3 Qb6 18. f4 Bd8 19. f5 Nf8 20. Rab1 Nh7 21. Kh1
Qc7 22. Be3 Bg5 23. Nf4 Bd7 24. h4 Be7 25. Nh5 Bf8 26. e6 Bc8 27. Bf4 Qe7 28.
Be5 Nf6 29. Bxf6 gxf6 30. Qf3 Kh8 31. Rbe1 Rd8 32. Nf4 Kh7 33. Qh5 Kg7 34. Re2
a5 35. g4 a4 36. g5 fxg5 37. hxg5 Kg8 38. f6 Qc7 39. e7 1-0

[Event "Championnat de France des Jeunes - Benja"]
[Site "TROYES"]
[Date "2010.04.11"]
[Round "1.10"]
[White "Vilain, Thomas"]
[Black "Bigonnet, Jean-Michel"]
[Result "1-0"]
[WhiteElo "1672"]
[BlackElo "1914"]
[PlyCount "55"]
[EventDate "2010.??.??"]

1. Nf3 Nf6 2. c4 c5 3. g3 e6 4. Bg2 d5 5. cxd5 exd5 6. d4 Nc6 7. O-O Be6 8. b3
Ne4 9. Bb2 Qb6 10. Nc3 Rd8 11. Na4 Qa5 12. Nxc5 Nxc5 13. dxc5 Qxc5 14. Nd4 Qd6
15. Rc1 a6 16. Re1 Rg8 17. e4 dxe4 18. Nxc6 Qxd1 19. Rcxd1 bxc6 20. Bxe4 Rc8
21. Bxh7 Rh8 22. Bf5 Rh6 23. Bc1 Rf6 24. g4 Bb4 25. Re4 Be7 26. Bg5 g6 27. Bxf6
gxf5 28. gxf5 1-0

[Event "Championnat de France des Jeunes - Pupi"]
[Site "TROYES"]
[Date "2010.04.11"]
[Round "1.1"]
[White "Bellahcene, Bilel"]
[Black "Ruaux, Francois"]
[Result "1-0"]
[WhiteElo "2072"]
[BlackElo "1577"]
[PlyCount "59"]
[EventDate "2010.??.??"]

1. e4 c5 2. Nf3 d6 3. d4 cxd4 4. Nxd4 Nf6 5. Nc3 g6 6. Be3 Bg7 7. Bc4 O-O 8. f3
Nc6 9. Qd2 Bd7 10. O-O-O Ne5 11. Bb3 Qa5 12. Kb1 Rfc8 13. h4 Nc4 14. Bxc4 Rxc4
15. Nb3 Qc7 16. Bd4 Bc6 17. g4 Rxd4 18. Nxd4 h5 19. g5 Nd7 20. f4 Nc5 21. Qe3
e5 22. Nxc6 bxc6 23. f5 Rb8 24. Qe2 Bf8 25. Rhf1 Qb6 26. b3 Qb4 27. fxg6 fxg6
28. Qf3 Qb7 29. Qf6 Qg7 30. Rxd6 1-0

[Event "Championnat de France des Jeunes - Pupi"]
[Site "TROYES"]
[Date "2010.04.11"]
[Round "1.2"]
[White "Bianchi, Tobias"]
[Black "Msellek, Ilyass"]
[Result "0-1"]
[WhiteElo "1573"]
[BlackElo "1970"]
[PlyCount "118"]
[EventDate "2010.??.??"]

1. d4 Nf6 2. c4 g6 3. Nc3 Bg7 4. e4 d6 5. Nf3 O-O 6. Be2 e5 7. O-O exd4 8. Nxd4
Re8 9. f3 Nc6 10. Be3 Nh5 11. Qd2 Nf4 12. Nxc6 Nxe2+ 13. Nxe2 bxc6 14. Rad1 Qe7
15. Bg5 f6 16. Bh4 Be6 17. b3 Bf7 18. Rfe1 Rad8 19. Nc3 g5 20. Bf2 h6 21. Qc2
Bg6 22. Qd2 Qf8 23. Qc1 f5 24. exf5 Bxf5 25. Rxe8 Rxe8 26. Re1 Re5 27. Rxe5
Bxe5 28. Ne4 Bxe4 29. fxe4 Bxh2+ 30. Kxh2 Qxf2 31. Qa3 Qh4+ 32. Kg1 Qe1+ 33.
Kh2 Qxe4 34. Qxa7 Qe5+ 35. Kg1 d5 36. Qa8+ Kg7 37. Qxc6 d4 38. Qd5 Qe3+ 39. Kh2
d3 40. Qd7+ Kg6 41. Qc6+ Kf5 42. Qxh6 Qe5+ 43. g3 Qe2+ 44. Kg1 d2 45. Qh7+ Kg4
46. Qd7+ Kf3 47. Qf5+ Ke3 48. Qxg5+ Kd3 49. Qf5+ Kc3 50. Qf6+ Kc2 51. Qf5+ Kc1
52. Qf4 Kc2 53. Qf5+ Qd3 54. Qf2 Kb1 55. a4 d1=Q+ 56. Kg2 Qe4+ 57. Kh3 Qdh1+
58. Qh2 Qf5+ 59. g4 Qh7+ 0-1

[Event "Championnat de France des Jeunes - Pupi"]
[Site "TROYES"]
[Date "2010.04.11"]
[Round "1.3"]
[White "Rambaldi, Francesco"]
[Black "Roque, Gaetan"]
[Result "1-0"]
[WhiteElo "1952"]
[BlackElo "1571"]
[PlyCount "55"]
[EventDate "2010.??.??"]

1. c4 c5 2. Nf3 Nc6 3. Nc3 Nf6 4. d4 cxd4 5. Nxd4 d6 6. e4 e6 7. Be2 Be7 8. O-O
O-O 9. Be3 Bd7 10. Qd2 Rc8 11. Ndb5 Ne5 12. Nxd6 Bxd6 13. Qxd6 Nxc4 14. Bxc4
Rxc4 15. e5 Ng4 16. Bc5 Rxc5 17. Qxc5 f6 18. f4 Bc6 19. Rad1 Qc7 20. h3 Nh6 21.
b4 Rc8 22. Rc1 Qd8 23. Rfd1 Qe8 24. Qf2 Qe7 25. b5 Bd7 26. Ne4 Rxc1 27. Rxc1
Bxb5 28. Rc8+ 1-0

[Event "Championnat de France des Jeunes - Pupi"]
[Site "TROYES"]
[Date "2010.04.11"]
[Round "1.4"]
[White "Carroit, Mathieu"]
[Black "Venou, Randjit"]
[Result "0-1"]
[WhiteElo "1570"]
[BlackElo "1950"]
[PlyCount "102"]
[EventDate "2010.??.??"]

1. d4 Nf6 2. c4 c5 3. d5 b5 4. Nc3 b4 5. Na4 d6 6. Nf3 g6 7. Bg5 Bg7 8. b3 Ne4
9. Bf4 Nc3 10. Qc1 Nxa4 11. bxa4 Bxa1 12. Qxa1 O-O 13. Bh6 f6 14. Bxf8 Kxf8 15.
e4 Qa5 16. Nd2 Qxa4 17. Qb2 Nd7 18. Be2 Nb6 19. O-O Qe8 20. Nb3 a5 21. f4 Kg8
22. Qd2 f5 23. e5 Nd7 24. exd6 exd6 25. Re1 Qf7 26. Bf3 Nf6 27. Re2 a4 28. Nc1
Bd7 29. Qe1 Re8 30. Rxe8+ Qxe8 31. Qxe8+ Nxe8 32. Kf2 Nf6 33. Ke3 Bc8 34. Kd3
Ba6 35. Bd1 Nxd5 36. Bxa4 Nxf4+ 37. Ke3 Nxg2+ 38. Kf3 Bb7+ 39. Kg3 Ne3 40. Bb3
Ba6 41. Kf3 Nxc4 42. Nd3 Kf8 43. Kf4 Nd2 44. Bc2 Bxd3 45. Bxd3 c4 46. Bc2 b3
47. axb3 cxb3 48. Bd3 b2 49. h4 b1=Q 50. Bxb1 Nxb1 51. Kg5 Kg7 0-1

[Event "Championnat de France des Jeunes - Pupi"]
[Site "TROYES"]
[Date "2010.04.11"]
[Round "1.5"]
[White "Haussernot, Cecile"]
[Black "Delafargue, Anatole"]
[Result "1-0"]
[WhiteElo "1949"]
[BlackElo "1570"]
[PlyCount "55"]
[EventDate "2010.??.??"]

1. e4 c6 2. d4 d5 3. Nc3 dxe4 4. Nxe4 Bf5 5. Ng3 Bg6 6. h4 h6 7. Nf3 Nd7 8. h5
Bh7 9. Bd3 Bxd3 10. Qxd3 Ngf6 11. Bf4 Qa5+ 12. Bd2 Qc7 13. O-O-O O-O-O 14. Ne4
Nxe4 15. Qxe4 Nf6 16. Qe2 e6 17. Kb1 Rd5 18. c4 Rxh5 19. Rxh5 Nxh5 20. d5 Qd6
21. Ne5 Qc7 22. Qxh5 g6 23. Qe2 Bg7 24. d6 Qb6 25. Bc3 Rd8 26. Qf3 Rf8 27. Nd7
Kxd7 28. Bxg7 1-0

[Event "Championnat de France des Jeunes - Pupi"]
[Site "TROYES"]
[Date "2010.04.11"]
[Round "1.6"]
[White "Raynal, Adrien"]
[Black "Grezels, Florian"]
[Result "0-1"]
[WhiteElo "1570"]
[BlackElo "1874"]
[PlyCount "76"]
[EventDate "2010.??.??"]

1. e4 d6 2. d4 Nf6 3. Nc3 Nbd7 4. Nf3 e5 5. Bc4 Be7 6. O-O O-O 7. Re1 c6 8. Bb3
Qc7 9. d5 Nc5 10. h3 Ne8 11. Be3 Nxb3 12. axb3 a6 13. Na4 c5 14. b4 b5 15. bxc5
bxa4 16. c6 Rb8 17. Qb1 f5 18. Rxa4 fxe4 19. Nd2 Nf6 20. c4 Bd8 21. Nxe4 Nxe4
22. Qxe4 Rxb2 23. Rb1 Bf5 24. Qxf5 Rxf5 25. Rxb2 Rf7 26. Rb7 Qc8 27. Rb3 a5 28.
Bd2 Ra7 29. Be3 Ra8 30. c5 dxc5 31. Bxc5 Rb8 32. Rf3 Bf6 33. Rxa5 e4 34. Re3
Rb1+ 35. Kh2 Qc7+ 36. g3 Qxa5 37. d6 Qxc5 38. c7 Rc1 0-1

[Event "Championnat de France des Jeunes - Pupi"]
[Site "TROYES"]
[Date "2010.04.11"]
[Round "1.7"]
[White "Froment, Theophile"]
[Black "Gautier, Selvan"]
[Result "1-0"]
[WhiteElo "1834"]
[BlackElo "1568"]
[PlyCount "65"]
[EventDate "2010.??.??"]

1. e4 c5 2. Nf3 Nc6 3. d4 cxd4 4. Nxd4 Nf6 5. Nc3 e5 6. Ndb5 d6 7. Bg5 a6 8.
Na3 b5 9. Nd5 Be7 10. Bxf6 Bxf6 11. c4 Qa5+ 12. Qd2 Qxd2+ 13. Kxd2 Bg5+ 14. Ke1
b4 15. Nc7+ Kf8 16. Nxa8 bxa3 17. bxa3 Nd4 18. Bd3 Bd8 19. Rb1 Ba5+ 20. Kf1 Ke7
21. Nb6 Bb7 22. f3 g6 23. Kf2 f5 24. Nd5+ Bxd5 25. cxd5 Rc8 26. Rhc1 Ra8 27.
Rb7+ Kf6 28. Rd7 Nb5 29. Bxb5 axb5 30. Rc6 Bd2 31. h4 fxe4 32. Rcxd6+ Kf5 33.
Rf7# 1-0